| 000 | 00463nam a2200181Ia 4500 | ||
|---|---|---|---|
| 005 | 20250603144747.0 | ||
| 008 | 250603s9999 xx 000 0 und d | ||
| 020 | _a9780742556553 | ||
| 050 | _aHD 9560.5 .B53/ | ||
| 100 | _aBlack, Brian C. | ||
| 245 | 0 | _aCrude reality: petroleum in world history | |
| 260 | _aUnited state | ||
| 260 | _bRowman & Littlefield Publishers, Inc. | ||
| 260 | _c2014 | ||
| 300 | _a286 p | ||
| 650 | _aUnited state | ||
| 942 | _cBK | ||
| 999 |
_c39872 _d39872 |
||